Tilastot visalle Euroopan maat kartalla

Klikkaa tästä pelataksesi tätä visaa!

Yleistilastot

  • Tätä visaa on pelattu 14 814 kertaa
  • Keskiarvotulos 30 / 45

Vastaukset kartalla

Vastauksille on annettu kartalla punavihreä väri sen mukaan, kuinka moni on saanut sen oikein.
Ladataan ...
 

Vastaustilastot

Vastaus% Oikein
Norja
92%
Suomi
91%
Ruotsi
91%
Islanti
90%
Irlanti
89%
Italia
89%
Yhdistynyt
kuningaskunta
88%
Espanja
88%
Tanska
87%
Portugali
87%
Venäjä
86%
Ranska
84%
Saksa
84%
Kreikka
82%
Viro
82%
Latvia
82%
Puola
79%
Liettua
79%
Belgia
76%
Alankomaat
74%
Valko-Venäjä
72%
Ukraina
70%
Itävalta
68%
Sveitsi
67%
Luxemburg
67%
Tšekki
63%
Vatikaanivaltio
63%
Malta
62%
Slovakia
58%
Romania
57%
Kroatia
56%
Liechtenstein
56%
Monaco
55%
Bulgaria
53%
Andorra
52%
San Marino
51%
Unkari
47%
Moldova
47%
Slovenia
44%
Bosnia ja
Hertsegovina
42%
Serbia
42%
Kosovo
42%
Albania
42%
Pohjois-Makedonia
39%
Montenegro
35%

Tulosjakauma

Persentiili vastausten määrän mukaan

Jokaisen tuloksen saaneiden osuus

Tuloshistoriasi

Et ole pelannut tätä visaa